| 000 | 01050nac a2200325 a 4500 | ||
|---|---|---|---|
| 001 | UByD002592 | ||
| 003 | AR-LpoUNG | ||
| 005 | 20240325131719.0 | ||
| 008 | 240321s2023||||ag |||||||||||||||||spa d | ||
| 040 |
_aAR-LpoUNG _bspa _cAR-LpoUNG _eaacr |
||
| 041 | _aspa | ||
| 044 | _aag | ||
| 082 | 0 | _a808.068 3 582pri | |
| 245 | 1 | 3 | _aEl primero de Los Molles |
| 250 | _a1ra. ed. | ||
| 260 |
_aBuenos Aires : _bBiblioteca Nacional, _c2023. |
||
| 300 |
_a[14] p. : _bil., fot. |
||
| 490 | 0 | _aGuardianes de la cultura | |
| 500 | _aA toda la colección le corresponde el mismo ISBN : 9789877281705. | ||
| 500 | _aCuento escrito por alumnos y alumnas de la escuela "Ricardo Güiraldes" de Los Molles (Córdoba, Argentina). | ||
| 505 | 0 | _aSugerido a partir de 6 años (etiqueta AMARILLA). | |
| 650 | 4 | _aCUENTOS | |
| 650 | 4 | _aLITERATURA | |
| 653 | 0 | _aLITERATURA INFANTIL | |
| 700 | 1 |
_aKerner, Iván _eil. _ecoor. |
|
| 700 | 1 |
_aClerici, Mey _eil. _ecoor. |
|
| 710 | 2 | _aBiblioteca Nacional Mariano Moreno | |
| 905 | _a34093 | ||
| 942 |
_cLIB _2ddc |
||
| 999 |
_c65116 _d65116 |
||